000 00689nam a2200241Ia 4500
003 OSt
005 20221007074139.0
006 a|||||r|||| 00| 0
007 ta
008 221006b |||||||| |||| 00| 0 eng d
024 _a12,304
037 _cTextual
040 _aFLL
_cFLL
_beng
041 _2eng
_aeng
082 _aV2:91:9Z, J11
100 _aSrinivasan R. Au.
_9584052
245 0 _aRepresentation of the people acts
260 _aMadras
_bMadras law journal office India
_c1951
300 _a330p
_ccm.
700 _a Mathrubtham R. Au.
_9692588
942 _hV2:91:9Z, J11
_cTEXL
_2CC
999 _c1151323
_d1151323